000 00383nam a22001697a 4500
003 SGT
020 _a9780702070273
082 _a610
_bD18R
100 _aRalston, Stuart H..[et. al.]
245 _aDavidson's Principles & Practice of Medicine
250 _a23rd
260 _bElsevier
_c2018
300 _a417
650 _aMedicine
653 _aMedicine
942 _2ddc
_cBK
_011
999 _c22820
_d22820